000 00635nam a2200241 a 4500
001 nice12345678
003 IN_TiNIC
005 20260116013157.0
008 050524s1988 newa grp 000 0 eng
020 _a0883446
_c217
082 0 0 _a248.843
_bFAB
100 _aFabella, Virginia
245 _aWith Passion and Compassion, Third World Women Doing Theology
260 _aNew York
_bOrbis Books
_c1988
300 _a192p
500 _aincludes index and biblioraphy
505 2 _aNotes
650 _aWomen in Christianity
650 _aWomen-Christian Theology
902 _bSRS
942 _cBK
999 _c9990
_d9990